NBA Western Conference Champions - Statistics

General Stats
  • This quiz has been taken 143 times
    78 since last reset
  • The average score is 52 of 74
Answer Stats
Year Team % Correct
2024 Mavericks
98%
2022 Warriors
97%
2020 Lakers
95%
2011 Mavericks
95%
2023 Nuggets
95%
2014 Spurs
95%
2013 Spurs
95%
2021 Suns
95%
2019 Warriors
95%
2018 Warriors
95%
2017 Warriors
95%
2016 Warriors
95%
2015 Warriors
95%
2010 Lakers
94%
2009 Lakers
94%
2008 Lakers
92%
2007 Spurs
91%
2002 Lakers
89%
2001 Lakers
88%
2000 Lakers
88%
2005 Spurs
88%
2003 Spurs
88%
1999 Spurs
88%
2012 Thunder
88%
2004 Lakers
86%
2006 Mavericks
85%
1995 Rockets
85%
1994 Rockets
85%
1998 Jazz
82%
1997 Jazz
80%
1989 Lakers
78%
1988 Lakers
78%
1987 Lakers
78%
1991 Lakers
77%
1993 Suns
77%
1985 Lakers
75%
1984 Lakers
75%
1983 Lakers
75%
1982 Lakers
75%
1996 SuperSonics
74%
1980 Lakers
72%
1992 Trailblazers
68%
1990 Trailblazers
62%
1972 Lakers
60%
1986 Rockets
60%
1969 Lakers
58%
1968 Lakers
58%
1966 Lakers
57%
1965 Lakers
57%
1954 Lakers
57%
1953 Lakers
57%
1952 Lakers
57%
1973 Lakers
55%
1981 Rockets
55%
1979 Supersonics
55%
1977 Trailblazers
55%
1970 Lakers
54%
1962 Lakers
54%
1963 Lakers
52%
1959 Lakers
52%
1978 Supersonics
51%
1975 Warriors
48%
1971 Bucks
43%
1976 Suns
43%
1967 Warriors
43%
1951 Royals
42%
1964 Warriors
42%
1974 Bucks
37%
1958 Hawks
35%
1960 Hawks
32%
1957 Hawks
32%
1961 Hawks
31%
1956 Pistons
26%
1955 Pistons
26%
No matching quizzes found
Score Distribution
Percent of People with Each Score
Percentile by Number Answered
Your Score History
You have not taken this quiz since the last reset